[Event "TV Borken 1 - SK Münster 4"]
[Site "Verbandsliga 2018/2019"]
[Date "2018.12.15"]
[Round "5.1"]
[White "Janssen, Dirk"]
[Black "Schulze Schwering, Philipp"]
[Result "1-0"]
[WhiteElo "1962"]
[BlackElo "2063"]
[PlyCount "39"]
[EventDate "2018.??.??"]
[SourceDate "2018.09.09"]

1. c4 Nf6 2. Nc3 e6 3. e4 Bb4 4. e5 Ng8 5. Qg4 g6 6. d4 c5 7. dxc5 Qc7 8. Nf3
Nc6 9. Bf4 Nge7 10. Bd3 Bxc3+ 11. bxc3 Qa5 12. O-O Qxc3 13. Rfd1 Qa5 14. Qh4
Ng8 15. Ng5 Qxc5 16. Ne4 Qa5 17. Nd6+ Kf8 18. Bh6+ Nxh6 19. Qxh6+ Ke7 20. Qg5+
1-0

[Event "TV Borken 1 - SK Münster 4"]
[Site "Verbandsliga 2018/2019"]
[Date "2018.12.15"]
[Round "5.2"]
[White "Beckmann, David"]
[Black "Leder, Nils"]
[Result "0-1"]
[WhiteElo "2034"]
[BlackElo "1876"]
[PlyCount "82"]
[EventDate "2018.??.??"]
[SourceDate "2018.09.09"]

1. Nf3 Nf6 2. c4 e6 3. g3 d5 4. d4 Be7 5. Bg2 O-O 6. O-O dxc4 7. Qc2 c5 8. Rd1
Nc6 9. Nbd2 cxd4 10. Nxc4 Bd7 11. Nxd4 Qc8 12. Nxc6 Bxc6 13. e4 Rd8 14. Rxd8+
Qxd8 15. Bg5 Rc8 16. Rd1 Qf8 17. Bxf6 gxf6 18. Qb3 b6 19. e5 Bxg2 20. Kxg2 Rd8
21. Re1 f5 22. h4 Bc5 23. Qf3 Rd4 24. b3 Qd8 25. Re2 Rd3 26. Qb7 Rd1 27. Qf3
Qd4 28. Ne3 Rb1 29. Nxf5 exf5 30. e6 fxe6 31. Rxe6 Qd1 32. Re8+ Kf7 33. Qxd1
Rxd1 34. Re2 a5 35. f3 Bb4 36. Kh3 Rd2 37. Re5 Kf6 38. Rb5 Bc5 39. a3 Rf2 40.
b4 axb4 41. axb4 Rb2 0-1

[Event "TV Borken 1 - SK Münster 4"]
[Site "Verbandsliga 2018/2019"]
[Date "2018.12.15"]
[Round "5.3"]
[White "Voss, Andreas"]
[Black "Schroer, Klaus"]
[Result "1/2-1/2"]
[WhiteElo "1848"]
[BlackElo "2017"]
[PlyCount "94"]
[EventDate "2018.??.??"]
[SourceDate "2018.09.09"]

1. d4 d5 2. c4 e6 3. Nc3 Nf6 4. cxd5 exd5 5. Bg5 c6 6. e3 Be7 7. Bd3 Ne4 8.
Bxe7 Qxe7 9. h3 Bf5 10. Nf3 Nd7 11. O-O O-O 12. Rc1 Rfe8 13. Bb1 Qf6 14. b4 Re6
15. Qe2 g5 16. Nxe4 dxe4 17. Nd2 g4 18. hxg4 Qh4 19. gxf5 Rh6 20. f3 Kh8 21.
fxe4 Rg8 22. Nf3 Qh1+ 23. Kf2 Rxg2+ 24. Ke1 Rxe2+ 25. Kxe2 Rh2+ 26. Nxh2 Qxh2+
27. Rf2 Qh5+ 28. Kd2 Kg8 29. e5 Nb6 30. Be4 Kf8 31. f6 Qg4 32. Bf3 Qe6 33. Kd3
Nd5 34. Bxd5 Qxd5 35. Rg1 Ke8 36. Rg8+ Kd7 37. Rfg2 h5 38. R2g7 Qxa2 39. Rxf7+
Ke6 40. Re7+ Kf5 41. f7 Qb1+ 42. Ke2 Qc2+ 43. Kf3 Qd1+ 44. Kg2 Qe2+ 45. Kh1
Qf1+ 46. Kh2 Qf2+ 47. Kh3 Qf3+ 1/2-1/2

[Event "TV Borken 1 - SK Münster 4"]
[Site "Verbandsliga 2018/2019"]
[Date "2018.12.15"]
[Round "5.4"]
[White "Farwick, Christian"]
[Black "Schoepper, Oliver"]
[Result "1-0"]
[WhiteElo "1811"]
[BlackElo "1823"]
[PlyCount "79"]
[EventDate "2018.??.??"]
[SourceDate "2018.09.09"]

1. Nf3 Nf6 2. d4 d5 3. Bf4 e6 4. e3 Nbd7 5. c3 c5 6. Nbd2 Be7 7. Bd3 b6 8. h3
Bb7 9. Ne5 Nxe5 10. dxe5 Nd7 11. Qg4 g6 12. h4 c4 13. Bc2 h5 14. Qg3 Nc5 15.
O-O-O Qc7 16. Bxg6 fxg6 17. Qxg6+ Kd7 18. Nxc4 Rag8 19. Qc2 Bc6 20. e4 Kc8 21.
Nd6+ Kb8 22. exd5 Bxd5 23. b4 Nb7 24. Nf7 Bxb4 25. Nxh8 Ba3+ 26. Kb1 Rxh8 27.
Rh3 Qc4 28. Rd4 Qb5+ 29. Ka1 Qf1+ 30. Rd1 Qc4 31. Rd4 Qf1+ 32. Rd1 Qc4 33. Bc1
Bxc1 34. Rxc1 Bxg2 35. Rg3 Be4 36. Qb3 Qc6 37. Qb4 Nc5 38. Rd1 Rf8 39. Rg7 Rc8
40. Rd6 1-0

[Event "TV Borken 1 - SK Münster 4"]
[Site "Verbandsliga 2018/2019"]
[Date "2018.12.15"]
[Round "5.5"]
[White "Vogenauer, Nikolas"]
[Black "Bohn, Andreas"]
[Result "1/2-1/2"]
[WhiteElo "1819"]
[BlackElo "1829"]
[PlyCount "68"]
[EventDate "2018.??.??"]
[SourceDate "2018.09.09"]

1. e4 c5 2. Nf3 d6 3. Bb5+ Bd7 4. Bxd7+ Nxd7 5. c4 Ngf6 6. Nc3 g6 7. O-O Bg7 8.
d4 cxd4 9. Nxd4 O-O 10. Be3 Rc8 11. b3 a6 12. Rc1 Re8 13. f3 Ne5 14. Qd2 Nc6
15. Rfd1 Nxd4 16. Bxd4 Nd7 17. g3 Bxd4+ 18. Qxd4 Qb6 19. Qxb6 Nxb6 20. Kf2 f6
21. Rd2 Kf7 22. Rdc2 Rc6 23. Nd5 Nd7 24. a4 a5 25. Rc3 Ra8 26. Ke2 e6 27. Nf4
Raa6 28. Nd3 Rab6 29. h4 Nc5 30. Nxc5 Rxc5 31. Ke3 h6 32. Rh1 Rbc6 33. Rd3 Ke7
34. Rhd1 Rb6 1/2-1/2

[Event "TV Borken 1 - SK Münster 4"]
[Site "Verbandsliga 2018/2019"]
[Date "2018.12.15"]
[Round "5.6"]
[White "Klugstedt, Vincent"]
[Black "Menzel, Thomas"]
[Result "1/2-1/2"]
[WhiteElo "1881"]
[BlackElo "1691"]
[PlyCount "78"]
[EventDate "2018.??.??"]
[SourceDate "2018.09.09"]

1. d4 e6 2. c4 d5 3. Nc3 Nf6 4. cxd5 exd5 5. Bg5 c6 6. Qc2 Nbd7 7. e3 h6 8. Bh4
Bd6 9. Bd3 O-O 10. Nf3 Re8 11. O-O Nf8 12. Rab1 Bg4 13. Nd2 Be7 14. b4 a6 15.
a4 Bh5 16. b5 axb5 17. axb5 Ra7 18. bxc6 bxc6 19. Rfc1 Bg6 20. Ne2 Ne4 21. Bxe4
Bxe4 22. Nxe4 Bxh4 23. Nc5 Qa8 24. Nf4 Be7 25. Nfd3 Bxc5 26. Qxc5 Re6 27. Ne5
Nd7 28. Nxd7 Rxd7 29. Qb6 Ra7 30. g3 Ra2 31. Qc7 Qa4 32. Rb8+ Kh7 33. Qxf7 Rf6
34. Qg8+ Kg6 35. Rf1 Ra1 36. Rbb1 Rxb1 37. Rxb1 Rxf2 38. Kxf2 Qc2+ 39. Kf3 Qe4+
1/2-1/2

[Event "TV Borken 1 - SK Münster 4"]
[Site "Verbandsliga 2018/2019"]
[Date "2018.12.15"]
[Round "5.7"]
[White "Sobel, Meinhard"]
[Black "Wagner, Nils Frederic"]
[Result "0-1"]
[WhiteElo "1489"]
[BlackElo "1666"]
[PlyCount "58"]
[EventDate "2018.??.??"]
[SourceDate "2018.09.09"]

1. e4 d5 2. exd5 Qxd5 3. Nc3 Qd6 4. d4 Nf6 5. Nf3 a6 6. g3 b5 7. Bg2 Bb7 8. O-O
e6 9. Re1 Be7 10. Bf4 Qb6 11. Qe2 O-O 12. Rad1 Re8 13. Ne5 Bxg2 14. Kxg2 Qb7+
15. f3 Bd6 16. Ne4 Nd5 17. Bc1 Bxe5 18. dxe5 Nd7 19. Nf2 Rad8 20. Bg5 Ne7 21.
Ne4 h6 22. Bh4 Kf8 23. Qd2 Qa8 24. Bxe7+ Rxe7 25. Qc3 Nb6 26. Rxd8+ Qxd8 27.
Nf2 Rd7 28. Nd3 Na4 29. b3 Nxc3 0-1

[Event "TV Borken 1 - SK Münster 4"]
[Site "Verbandsliga 2018/2019"]
[Date "2018.12.15"]
[Round "5.8"]
[White "Boldrick, Marcel"]
[Black "Redemann, Rolf"]
[Result "1-0"]
[WhiteElo "1744"]
[BlackElo "1404"]
[PlyCount "44"]
[EventDate "2018.??.??"]
[SourceDate "2018.09.09"]

1. e4 e5 2. Nf3 Nc6 3. Bc4 Bc5 4. c3 Nf6 5. d4 exd4 6. e5 Ng4 7. cxd4 Bb4+ 8.
Nc3 O-O 9. O-O Na5 10. Bd3 Be7 11. h3 Nh6 12. Bc2 d6 13. Bxh6 gxh6 14. Qd3 f5
15. exf6 Rxf6 16. Qxh7+ Kf8 17. Nd5 Re6 18. Bg6 Rxg6 19. Qxg6 Nc6 20. Rfe1 Bg5
21. Nxg5 hxg5 22. Nf6 Ne7 1-0

[Event "SF Telgte 1 - SV Heiden 1"]
[Site "Verbandsliga 2018/2019"]
[Date "2018.12.15"]
[Round "5.1"]
[White "Wienen, Hermann"]
[Black "Lodde, Martin"]
[Result "1/2-1/2"]
[WhiteElo "1934"]
[BlackElo "1946"]
[PlyCount "31"]
[EventDate "2018.??.??"]
[SourceDate "2018.09.09"]

1. e4 e6 2. d4 d5 3. exd5 exd5 4. Bd3 c5 5. dxc5 Bxc5 6. Nf3 Nf6 7. O-O O-O 8.
Nbd2 Nc6 9. c3 Bb6 10. Qc2 Bg4 11. h3 Bxf3 12. Nxf3 Qd6 13. Re1 Rac8 14. Nh4
Nb4 15. Qd2 Nxd3 16. Qxd3 1/2-1/2

[Event "SF Telgte 1 - SV Heiden 1"]
[Site "Verbandsliga 2018/2019"]
[Date "2018.12.15"]
[Round "5.2"]
[White "Stoeckmann, Helmut"]
[Black "Berger, Alfred Josef"]
[Result "1-0"]
[WhiteElo "1981"]
[BlackElo "1916"]
[PlyCount "91"]
[EventDate "2018.??.??"]
[SourceDate "2018.09.09"]

1. c4 d6 2. Nc3 e5 3. e4 g6 4. g3 Bg7 5. Bg2 Ne7 6. Nge2 c6 7. d4 O-O 8. O-O
Na6 9. Be3 f5 10. f3 fxe4 11. fxe4 Rxf1+ 12. Bxf1 Bg4 13. Qd2 Qd7 14. dxe5 dxe5
15. Qxd7 Bxd7 16. Rd1 Be6 17. b3 Kf7 18. Nc1 Nb4 19. Rd2 Ng8 20. a3 Na6 21. b4
Bh6 22. Bxh6 Nxh6 23. Nd3 Ng4 24. Be2 Kf6 25. b5 Nc7 26. Nc5 Ne3 27. Nxe6 Kxe6
28. Kf2 Nxc4 29. Bxc4+ Ke7 30. bxc6 bxc6 31. Rb2 Kd6 32. Rb7 h6 33. Ke3 a6 34.
a4 Rc8 35. Bf7 g5 36. Bg6 h5 37. Bxh5 Rh8 38. g4 Rh7 39. Rb8 Ne6 40. Ne2 Rd7
41. Bg6 Kc7 42. Re8 Nc5 43. Rxe5 Rd3+ 44. Kf2 Nxa4 45. Rxg5 c5 46. Be8 1-0

[Event "SF Telgte 1 - SV Heiden 1"]
[Site "Verbandsliga 2018/2019"]
[Date "2018.12.15"]
[Round "5.3"]
[White "Ehrlich, Hans Georg"]
[Black "Junker, Axel"]
[Result "1/2-1/2"]
[WhiteElo "1812"]
[BlackElo "1906"]
[PlyCount "35"]
[EventDate "2018.??.??"]
[SourceDate "2018.09.09"]

1. b4 c6 2. c4 d5 3. cxd5 cxd5 4. Bb2 e6 5. e3 Nf6 6. b5 Bd6 7. Nf3 Nbd7 8. Be2
O-O 9. O-O Re8 10. d4 Ne4 11. Nbd2 f5 12. Ne5 Nxe5 13. dxe5 Nxd2 14. Qxd2 Bc5
15. Bd4 b6 16. a4 a6 17. Rfc1 axb5 18. Bxc5 1/2-1/2

[Event "SF Telgte 1 - SV Heiden 1"]
[Site "Verbandsliga 2018/2019"]
[Date "2018.12.15"]
[Round "5.4"]
[White "Kuhlenbaeumer, Willi"]
[Black "Sicking, Norbert"]
[Result "1-0"]
[WhiteElo "1922"]
[BlackElo "1799"]
[PlyCount "111"]
[EventDate "2018.??.??"]
[SourceDate "2018.09.09"]

1. e4 e5 2. Nf3 d6 3. d4 exd4 4. Nxd4 Nf6 5. Nc3 Be7 6. Be2 O-O 7. O-O Nbd7 8.
f4 Nc5 9. Bf3 c6 10. Kh1 Ne6 11. Nf5 Nc5 12. g4 Kh8 13. b3 Re8 14. Bb2 Bf8 15.
Re1 Bxf5 16. gxf5 Nfd7 17. Qd2 Nb6 18. a4 Qc7 19. Rg1 f6 20. Rg3 Rad8 21. Qg2
Re7 22. Rg1 Nbd7 23. Rh3 g5 24. fxg6 h6 25. g7+ Bxg7 26. Qg6 Ne6 27. Ne2 d5 28.
Rh4 d4 29. Rg3 Ndc5 30. Rgh3 Rf8 31. Qf5 Qd7 32. Ng3 d3 33. Rxh6+ Bxh6 34.
Bxf6+ Rxf6 35. Qxf6+ Rg7 36. Rxh6+ Kg8 37. c3 d2 38. Bd1 Qd3 39. Qh4 Rxg3 40.
Qxg3+ Qxg3 41. hxg3 Kf7 42. Kg2 Nxe4 43. Rh7+ Kf6 44. Rd7 N6c5 45. Rd4 Nxc3 46.
Rxd2 Nxd1 47. Rxd1 Nxb3 48. Rb1 Nc5 49. a5 a6 50. Kf3 Ke6 51. g4 Kd6 52. Ke3
Kc7 53. f5 Nd7 54. g5 Ne5 55. Ke4 Nc4 56. Rd1 1-0

[Event "SF Telgte 1 - SV Heiden 1"]
[Site "Verbandsliga 2018/2019"]
[Date "2018.12.15"]
[Round "5.5"]
[White "Niewerth, Gerd"]
[Black "Esser, Peter"]
[Result "1-0"]
[WhiteElo "1803"]
[BlackElo "1770"]
[PlyCount "61"]
[EventDate "2018.??.??"]
[SourceDate "2018.09.09"]

1. e4 c6 2. d4 d5 3. exd5 cxd5 4. Bd3 Nc6 5. c3 Qc7 6. Nf3 Bg4 7. Nbd2 e6 8.
O-O Nf6 9. Re1 Bd6 10. Nf1 Bh5 11. Ng3 Bg6 12. Bg5 Nh5 13. Rc1 Nxg3 14. hxg3
Bxd3 15. Qxd3 h6 16. Bd2 O-O 17. g4 Bf4 18. g5 Bxd2 19. Qxd2 hxg5 20. Nxg5 Qe7
21. f4 Qf6 22. Qd3 g6 23. Qh3 Qh8 24. Qf3 Kg7 25. g4 Qh6 26. Rc2 Rh8 27. Ree2
Kf6 28. Nxe6 Qh1+ 29. Qxh1 Rxh1+ 30. Kxh1 fxe6 31. Rh2 1-0

[Event "SF Telgte 1 - SV Heiden 1"]
[Site "Verbandsliga 2018/2019"]
[Date "2018.12.15"]
[Round "5.6"]
[White "Kuhlenbaeumer, Alfred"]
[Black "Winzenhoerlein, Thomas"]
[Result "1/2-1/2"]
[WhiteElo "1827"]
[BlackElo "1793"]
[PlyCount "100"]
[EventDate "2018.??.??"]
[SourceDate "2018.09.09"]

1. e4 d5 2. e5 c5 3. Bb5+ Bd7 4. Bxd7+ Nxd7 5. f4 e6 6. Nf3 Ne7 7. O-O Nc6 8.
d3 Be7 9. Nc3 O-O 10. Qe2 a6 11. b3 Qc7 12. Kh1 b5 13. a4 Nd4 14. Qf2 Nxf3 15.
Qxf3 b4 16. Nd1 f5 17. Ne3 Kh8 18. Bd2 Rg8 19. Rg1 Raf8 20. Raf1 g5 21. g3 g4
22. Qg2 h5 23. h4 Rc8 24. Rc1 Rgd8 25. Rgd1 Nb6 26. Kh2 a5 27. Qe2 Qb7 28. Be1
Rc6 29. Bd2 Rdc8 30. Qf1 Kg7 31. Qe2 Qd7 32. Qf1 Qe8 33. Qe2 R6c7 34. Qe1 c4
35. dxc4 dxc4 36. Qe2 cxb3 37. cxb3 Rxc1 38. Rxc1 Rxc1 39. Bxc1 Qc6 40. Bb2 Qe4
41. Qd2 Bc5 42. Bc1 Bxe3 43. Qxe3 Qxe3 44. Bxe3 Nd5 45. Bd2 Kf7 46. Kg2 Ke7 47.
Kf2 Kd7 48. Ke2 Kc6 49. Kd3 Kc5 50. Be1 Kc6 1/2-1/2

[Event "SF Telgte 1 - SV Heiden 1"]
[Site "Verbandsliga 2018/2019"]
[Date "2018.12.15"]
[Round "5.7"]
[White "Vestrick, Frank"]
[Black "Pohl, Detlev"]
[Result "1/2-1/2"]
[WhiteElo "1772"]
[BlackElo "1821"]
[PlyCount "103"]
[EventDate "2018.??.??"]
[SourceDate "2018.09.09"]

1. d4 d5 2. c4 e6 3. Nc3 Nf6 4. Bg5 Be7 5. Nf3 c6 6. e3 Nbd7 7. Rc1 a6 8. Bd3
dxc4 9. Bxc4 b5 10. Bd3 Bb7 11. O-O c5 12. Bxf6 gxf6 13. Be4 Bxe4 14. Nxe4 Qb6
15. Qe2 Rc8 16. Rfd1 O-O 17. h3 Rfd8 18. Rc2 f5 19. dxc5 Qc6 20. Ng3 b4 21. Nd4
Qa4 22. b3 Qa5 23. c6 Nb6 24. c7 Rxd4 25. Rxd4 Nd5 26. Rc6 Qb5 27. Qc4 Qxc4 28.
Rdxc4 Kf8 29. Ne2 Ke8 30. Nd4 Kd7 31. Rxa6 Rxc7 32. Nc6 Bf6 33. Nxb4 Rxc4 34.
Nxd5 Rc1+ 35. Kh2 Be5+ 36. Nf4 Rc2 37. Kg3 Ke7 38. Kf3 Rd2 39. a4 Bd6 40. Rb6
Kd7 41. Ne2 e5 42. Ng3 e4+ 43. Nxe4 fxe4+ 44. Kxe4 Rxf2 45. Rb5 Rxg2 46. h4
Rg4+ 47. Kf5 Rxh4 48. Kf6 Re4 49. Kxf7 Rxe3 50. Rh5 Rxb3 51. Rxh7 Ra3 52. Rh4
1/2-1/2

[Event "SF Telgte 1 - SV Heiden 1"]
[Site "Verbandsliga 2018/2019"]
[Date "2018.12.15"]
[Round "5.8"]
[White "Dieckmann, Werner"]
[Black "Buchner, Ralf"]
[Result "1/2-1/2"]
[WhiteElo "1769"]
[BlackElo "1681"]
[PlyCount "44"]
[EventDate "2018.??.??"]
[SourceDate "2018.09.09"]

1. d4 g6 2. Nf3 Bg7 3. e4 d6 4. Bg5 c5 5. c3 cxd4 6. Nxd4 Nf6 7. f3 O-O 8. Nd2
Bd7 9. Qb3 Nc6 10. Be2 Nxd4 11. cxd4 Nh5 12. Be3 a5 13. a4 e6 14. O-O Bc6 15.
Rac1 Qd7 16. Ra1 d5 17. e5 Bh8 18. Nb1 Ng7 19. Nc3 Nf5 20. Bf2 Rfb8 21. Rac1
Bg7 22. Nb5 Bh6 1/2-1/2

[Event "SG Turm Raesfeld/Erle 2 - SF Beelen 1"]
[Site "Verbandsliga 2018/2019"]
[Date "2018.12.15"]
[Round "5.1"]
[White "Henke, Wolfgang"]
[Black "Pliete, Christian"]
[Result "1/2-1/2"]
[WhiteElo "1795"]
[BlackElo "1826"]
[PlyCount "39"]
[EventDate "2018.??.??"]
[SourceDate "2018.09.09"]

1. e4 e5 2. f4 exf4 3. Nf3 d5 4. exd5 Qxd5 5. Nc3 Qe6+ 6. Be2 Bd6 7. O-O Ne7 8.
d4 O-O 9. Ng5 Qh6 10. Nce4 Nd5 11. Nxd6 Qxd6 12. c4 Ne3 13. Bxe3 fxe3 14. Qd3
Qh6 15. Qxe3 Nd7 16. c5 Nf6 17. Qg3 Be6 18. Rf4 Qg6 19. Bd3 Qh6 20. Be2 1/2-1/2

[Event "SG Turm Raesfeld/Erle 2 - SF Beelen 1"]
[Site "Verbandsliga 2018/2019"]
[Date "2018.12.15"]
[Round "5.2"]
[White "Broemmel, Chris"]
[Black "Hofene, Dieter"]
[Result "0-1"]
[WhiteElo "1797"]
[BlackElo "1994"]
[PlyCount "58"]
[EventDate "2018.??.??"]
[SourceDate "2018.09.09"]

1. e4 c6 2. b3 d5 3. Bb2 dxe4 4. Nc3 Nf6 5. h3 Bf5 6. g4 Bg6 7. Bg2 e5 8. Qe2
Bb4 9. O-O-O Qa5 10. Kb1 O-O 11. h4 h5 12. Nxe4 Nbd7 13. g5 Nd5 14. Nh3 Ba3 15.
Ba1 Rfe8 16. Bf3 Nc5 17. Nxc5 Bxc5 18. Bxd5 cxd5 19. Bc3 Bxc2+ 20. Ka1 Bb4 21.
Kb2 Bxd1 22. Rxd1 Bxc3+ 23. dxc3 d4 24. cxd4 exd4 25. Qf3 Rac8 26. Rd3 Qc5 27.
Qd1 Re2+ 28. Kb1 Rc2 29. Qf3 Rb2+ 0-1

[Event "SG Turm Raesfeld/Erle 2 - SF Beelen 1"]
[Site "Verbandsliga 2018/2019"]
[Date "2018.12.15"]
[Round "5.3"]
[White "Hanewinkel, Winfried"]
[Black "Kadenbach, Wolfgang"]
[Result "1-0"]
[WhiteElo "1924"]
[BlackElo "1733"]
[PlyCount "109"]
[EventDate "2018.??.??"]
[SourceDate "2018.09.09"]

1. d4 Nf6 2. c4 e5 3. dxe5 Ng4 4. Bf4 Nc6 5. Nf3 f6 6. exf6 Qxf6 7. Qd2 Bc5 8.
e3 d6 9. Nc3 Be6 10. Ne4 Qf5 11. Nxc5 Qxc5 12. Be2 Nge5 13. b3 O-O-O 14. Nd4
Bd7 15. a3 Rdf8 16. b4 Qb6 17. b5 Na5 18. Qc3 Ng6 19. Bg3 h5 20. h4 Ne7 21. Bd3
g6 22. O-O Nf5 23. Nxf5 gxf5 24. Rac1 Rhg8 25. Bf4 c5 26. bxc6 Qxc6 27. g3 Qf3
28. Qxa5 Bc6 29. Bxf5+ Kb8 30. Bxd6+ Ka8 31. e4 Rf6 32. Bc7 Rgf8 33. Rcd1 a6
34. Rd8+ Rxd8 35. Bxd8 Rd6 36. Bg5 Rd3 37. Qb6 Bxe4 38. Bxe4 Qxe4 39. Be3 Kb8
40. Rc1 Qf3 41. Bf4+ Ka8 42. Qb1 Rd7 43. Re1 Rd8 44. Bc7 Rf8 45. Qb6 Qc3 46.
Qb4 Qf6 47. Bb6 Rg8 48. a4 Qf5 49. Qe7 Qg6 50. a5 Qc6 51. Rd1 Qc8 52. Rd8 Rxd8
53. Qxd8 Qxd8 54. Bxd8 b5 55. axb6 1-0

[Event "SG Turm Raesfeld/Erle 2 - SF Beelen 1"]
[Site "Verbandsliga 2018/2019"]
[Date "2018.12.15"]
[Round "5.4"]
[White "Hoffmann, Fabian"]
[Black "Cigelski, Rudolf"]
[Result "1-0"]
[WhiteElo "1950"]
[BlackElo "1824"]
[PlyCount "58"]
[EventDate "2018.??.??"]
[SourceDate "2018.09.09"]

1. e4 e5 2. Nf3 Nc6 3. Bc4 Bc5 4. O-O Nf6 5. d3 O-O 6. Nc3 d6 7. Bg5 h6 8. Bxf6
Qxf6 9. Nd5 Qd8 10. a4 a6 11. h3 Kh7 12. Ne3 Ne7 13. c3 f5 14. Ng5+ Kg6 15. Ne6
Bxe6 16. Bxe6 f4 17. Nf5 Kf6 18. Ba2 Nxf5 19. exf5 d5 20. Qh5 Qe8 21. Qh4+ g5
22. Qxh6+ Ke7 23. d4 Ba7 24. Qe6+ Kd8 25. Qxd5+ Kc8 26. dxe5 Qxa4 27. e6 Rd8
28. Qe5 Rg8 29. e7 Re8 1-0

[Event "SG Turm Raesfeld/Erle 2 - SF Beelen 1"]
[Site "Verbandsliga 2018/2019"]
[Date "2018.12.15"]
[Round "5.5"]
[White "Hanewinkel, Martin"]
[Black "Fasselt, Hendrik"]
[Result "0-1"]
[WhiteElo "1836"]
[BlackElo "1826"]
[PlyCount "82"]
[EventDate "2018.??.??"]
[SourceDate "2018.09.09"]

1. d4 d5 2. Nf3 Nf6 3. Bf4 c5 4. c3 Qb6 5. Qb3 c4 6. Qxb6 axb6 7. Nbd2 b5 8. e3
Nc6 9. Be2 h6 10. h3 Bf5 11. O-O e6 12. a3 Be7 13. Ne5 O-O 14. g4 Bh7 15. g5
hxg5 16. Bxg5 Rfe8 17. Kh1 Ne4 18. Nxe4 Bxe4+ 19. f3 Bxg5 20. fxe4 Nxe5 21.
dxe5 dxe4 22. Rad1 Red8 23. Rd6 Rxd6 24. exd6 Rd8 25. Rd1 Bxe3 26. a4 Bc5 27.
d7 Kf8 28. axb5 Ke7 29. Bxc4 Rxd7 30. Rxd7+ Kxd7 31. Be2 Kd6 32. Kg2 Ke5 33.
Kf1 f5 34. Ke1 Be3 35. b4 f4 36. c4 f3 37. Bd1 Bd4 38. Kf1 Bc3 39. c5 Bxb4 40.
c6 bxc6 41. b6 Kd6 0-1

[Event "SG Turm Raesfeld/Erle 2 - SF Beelen 1"]
[Site "Verbandsliga 2018/2019"]
[Date "2018.12.15"]
[Round "5.6"]
[White "Tuente, Marcel"]
[Black "Austermann, Reinhold"]
[Result "1-0"]
[WhiteElo "1789"]
[BlackElo "1810"]
[PlyCount "125"]
[EventDate "2018.??.??"]
[SourceDate "2018.09.09"]

1. e4 c5 2. Nc3 a6 3. f4 d6 4. Nf3 Nc6 5. d3 e6 6. Be2 g6 7. O-O Bg7 8. Qe1 Nf6
9. Nh4 Nd4 10. Bd1 Nd7 11. Ne2 O-O 12. Nxd4 Bxd4+ 13. Kh1 Bg7 14. Qg3 f5 15. c3
fxe4 16. dxe4 Nf6 17. Qe1 Ne8 18. Bc2 Bd7 19. Qg3 Bb5 20. Rf2 Nf6 21. f5 Nh5
22. Qg4 exf5 23. exf5 Bd7 24. Bg5 Bf6 25. Qc4+ Kg7 26. fxg6 h6 27. Bxf6+ Nxf6
28. Raf1 Bb5 29. Nf5+ Kxg6 30. Nxd6+ Kg7 31. Nxb5 axb5 32. Qxc5 Qd7 33. Bb3
Rae8 34. Qd4 Qe7 35. Bc2 Rd8 36. Qf4 Rd5 37. h4 Rh5 38. Qg3+ Kh8 39. Bd1 Rd5
40. Qg6 Qg7 41. Qxg7+ Kxg7 42. Bb3 Rd6 43. Rd1 Rxd1+ 44. Bxd1 Rd8 45. Bf3 b6
46. Kg1 Rd6 47. Kf1 Nd7 48. Ke1 Ne5 49. Be2 Re6 50. Kd1 Rd6+ 51. Kc2 b4 52.
cxb4 Rd4 53. g3 Rxb4 54. Bd3 Rg4 55. Rg2 Kf6 56. Kc3 Ke6 57. b3 Kd6 58. Bf5 Rg7
59. g4 Nf3 60. h5 Nh4 61. Rd2+ Ke5 62. Re2+ Kd5 63. Re6 1-0

[Event "SG Turm Raesfeld/Erle 2 - SF Beelen 1"]
[Site "Verbandsliga 2018/2019"]
[Date "2018.12.15"]
[Round "5.7"]
[White "Fartmann, Franz Josef"]
[Black "Groemping, Franz Josef"]
[Result "1-0"]
[WhiteElo "1782"]
[BlackElo "1689"]
[PlyCount "45"]
[EventDate "2018.??.??"]
[SourceDate "2018.09.09"]

1. c4 e6 2. Nf3 f5 3. Nc3 Nf6 4. g3 c6 5. Qc2 d5 6. e3 Bd6 7. cxd5 cxd5 8. Nb5
Nc6 9. Nxd6+ Qxd6 10. d4 O-O 11. a3 Bd7 12. b4 Rac8 13. Qb3 Ne4 14. Bd3 Be8 15.
O-O Bh5 16. Ne1 Ne7 17. Kg2 Rc3 18. Qb2 Rfc8 19. f3 Nf6 20. Bd2 R3c6 21. b5
R6c7 22. a4 Nd7 23. Bb4 1-0

[Event "SG Turm Raesfeld/Erle 2 - SF Beelen 1"]
[Site "Verbandsliga 2018/2019"]
[Date "2018.12.15"]
[Round "5.8"]
[White "Droste, Laurenz"]
[Black "Hofene, Josef"]
[Result "0-1"]
[WhiteElo "1619"]
[BlackElo "1770"]
[PlyCount "56"]
[EventDate "2018.??.??"]
[SourceDate "2018.09.09"]

1. f4 e5 2. fxe5 d6 3. Nf3 dxe5 4. e4 Bc5 5. Bc4 Qe7 6. c3 Nf6 7. d4 exd4 8.
cxd4 Qxe4+ 9. Qe2 Bb4+ 10. Bd2 Bxd2+ 11. Nbxd2 Qxe2+ 12. Kxe2 O-O 13. Rhe1 Nc6
14. Kf1 Bf5 15. Rac1 Rad8 16. Bb5 Nxd4 17. Nxd4 Rxd4 18. Nf3 Rb4 19. Re5 Rxb5
20. Rxb5 Bd3+ 21. Kg1 Bxb5 22. Nd4 c6 23. b3 Bd3 24. Nf3 Be4 25. Nd2 Rd8 26.
Nc4 Kf8 27. h3 b5 28. Ne3 Rd2 0-1

[Event "SK Dülmen 1 - SK Metelen 1"]
[Site "Verbandsliga 2018/2019"]
[Date "2018.12.15"]
[Round "5.2"]
[White "Nolting, Bodo"]
[Black "Koch, Alexander"]
[Result "0-1"]
[WhiteElo "1751"]
[BlackElo "2000"]
[PlyCount "20"]
[EventDate "2018.??.??"]
[SourceDate "2018.09.09"]

1. e4 c5 2. Nc3 Nc6 3. f4 e6 4. Nf3 d5 5. Bb5 d4 6. Bxc6+ bxc6 7. Ne2 d3 8.
cxd3 Ba6 9. Ne5 f6 10. O-O fxe5 0-1

[Event "SK Dülmen 1 - SK Metelen 1"]
[Site "Verbandsliga 2018/2019"]
[Date "2018.12.15"]
[Round "5.3"]
[White "Grotenhuis, Gerard"]
[Black "Rebber, Christian"]
[Result "1/2-1/2"]
[WhiteElo "1904"]
[BlackElo "1842"]
[PlyCount "129"]
[EventDate "2018.??.??"]
[SourceDate "2018.09.09"]

1. b3 Nf6 2. Bb2 d6 3. c4 e5 4. g3 Be7 5. Bg2 O-O 6. Nc3 c6 7. d4 Qc7 8. e4 a5
9. Nge2 b6 10. O-O Bb7 11. f4 Nbd7 12. Qd2 Rfd8 13. Rad1 Nf8 14. h3 Ne6 15. f5
Nxd4 16. Nxd4 exd4 17. Qxd4 d5 18. Na4 dxe4 19. Qe3 c5 20. g4 h6 21. Nc3 Bc6
22. Rxd8+ Rxd8 23. Nxe4 Nxe4 24. Bxe4 Bg5 25. Qf3 Bxe4 26. Qxe4 Qg3+ 27. Qg2
Be3+ 28. Kh1 Qxg2+ 29. Kxg2 Rd2+ 30. Kf3 Rxb2 31. Kxe3 Rxa2 32. Kd3 Kf8 33. f6
Rh2 34. Rf3 Ra2 35. Ke4 Rd2 36. Rf5 Rd4+ 37. Ke3 Rd6 38. fxg7+ Kxg7 39. Rf3 Kg6
40. Rf5 Rd4 41. Re5 Rd1 42. Ke2 Rb1 43. Re3 f6 44. Kd2 Rb2+ 45. Kc3 Rh2 46. Rd3
Rh1 47. Rf3 Rh2 48. Kd3 Ra2 49. Re3 a4 50. Re6 axb3 51. Rxb6 Rh2 52. Ke4 Rd2
53. Rxb3 Rd4+ 54. Kf3 Rxc4 55. Kg3 Rb4 56. Rc3 c4 57. Kf4 Rb3 58. Rxc4 Rxh3 59.
Rc5 Rb3 60. Ra5 Rb4+ 61. Kg3 Re4 62. Rf5 Re5 63. Rf2 Kg5 64. Kf3 Ra5 65. Kg2
1/2-1/2

[Event "SK Dülmen 1 - SK Metelen 1"]
[Site "Verbandsliga 2018/2019"]
[Date "2018.12.15"]
[Round "5.4"]
[White "Loedding, Detlef"]
[Black "Zachej, Arne"]
[Result "1-0"]
[WhiteElo "1869"]
[BlackElo "1834"]
[PlyCount "29"]
[EventDate "2018.??.??"]
[SourceDate "2018.09.09"]

1. d4 Nf6 2. Nf3 e6 3. g3 b6 4. Bg2 Bb7 5. O-O Be7 6. c4 O-O 7. Nc3 d6 8. Qc2
Nbd7 9. e4 c5 10. d5 exd5 11. exd5 Ng4 12. Bf4 Nge5 13. Bxe5 Nxe5 14. Nxe5 dxe5
15. d6 1-0

[Event "SK Dülmen 1 - SK Metelen 1"]
[Site "Verbandsliga 2018/2019"]
[Date "2018.12.15"]
[Round "5.5"]
[White "Wigger, Frank"]
[Black "Schluetermann, Philipp"]
[Result "1/2-1/2"]
[WhiteElo "1812"]
[BlackElo "1842"]
[PlyCount "47"]
[EventDate "2018.??.??"]
[SourceDate "2018.09.09"]

1. e4 e6 2. d4 d5 3. Nd2 c5 4. Ngf3 Nc6 5. exd5 exd5 6. dxc5 Bxc5 7. Nb3 Be7 8.
Be2 Nf6 9. O-O O-O 10. c3 Bf5 11. Nbd4 Bg6 12. Bd3 Rc8 13. Bxg6 hxg6 14. Bf4
Qb6 15. Qb3 Bc5 16. Qxb6 Bxb6 17. Rad1 a6 18. Be3 Bc7 19. Nb3 Ne7 20. Bg5 Rfe8
21. Rfe1 Bb6 22. Be3 Bxe3 23. Rxe3 Nf5 24. Rxe8+ 1/2-1/2